| 000 | 00923nam a22002417a 4500 | ||
|---|---|---|---|
| 005 | 20170123164142.0 | ||
| 010 | _aB-028459 | ||
| 020 | _c120.00 | ||
| 035 | _aB-028459 | ||
| 037 | _aCen Lib/Ret | ||
| 040 |
_aDPL _bPN |
||
| 082 |
_a852 _bਜਸੁਜਾ |
||
| 100 |
_aਜਸੁਜਾ, ਗੁਰਚਰਨ ਸਿੰਘ _9141536 |
||
| 245 |
_aਪਰੀਆਂ : _cਗੁਰਚਰਨ ਸਿੰਘ ਜਸੁਜਾ _bਪੰਜ ਅੰਕ ਦਾ ਸੰਪੂਰਨ ਨਾਟਕ / |
||
| 246 |
_aPariyan : a play / _bGurcharan Singh Jasuja |
||
| 260 |
_aਦਿੱਲੀ _bਆਰਸੀ ਪਬਲਿਸ਼ਰਜ਼ _c2000 |
||
| 270 |
_a ਚਾਂਦਨੀ ਚੌਂਕ _bਦਿੱਲੀ _e110006 |
||
| 300 |
_a104p. _b22cm(Hb) |
||
| 650 |
_aਪੰਜਾਬੀ ਸਾਹਿਤ _9141537 |
||
| 650 |
_aPunjabi Drama _9141538 |
||
| 650 |
_aPunjabi Literature _9141539 |
||
| 942 |
_2ddc _cPN _h852 _mਜਸੁਜਾ |
||
| 999 |
_c109723 _d109723 |
||